00210pam a2200097 a 4500020000500000041000800005100002000013245003700033260003200070300001000102 c aeng aC.K Ennedy.A.E. aHuman DiseasehTextual Documents aNew YorkbPenguin Books Ltd a267p.